| 000 | 00483nam a2200181 a 4500 | ||
|---|---|---|---|
| 005 | 20140310183507.0 | ||
| 008 | 100920s19uu xx 00 eng d | ||
| 020 | _a0451409043 | ||
| 050 |
_aPN 2598 _b.D141 1999 |
||
| 100 | _aDalessandro, James | ||
| 245 |
_aCitizen Jane. _cJames Dalessandro and David Mehnert |
||
| 260 |
_aNew York : _bOnyx, _c1999. |
||
| 300 |
_a372 p. : _c18 cm. |
||
| 650 | _aFiction | ||
| 700 | _awith David Mehnert | ||
| 942 |
_cBK _2lcc |
||
| 999 |
_c24077 _d24077 |
||